[Event "Bern Ambassador op"]
[Site "Bern"]
[Date "1997.12.??"]
[Round "1"]
[White "Perez, Joaquin"]
[Black "Moeschinger, Markus"]
[Result "1-0"]
[WhiteElo "1754"]
[BlackElo "2130"]
[PlyCount "69"]
[EventDate "1997.12.??"]
[EventType "swiss"]
[EventRounds "7"]
[EventCountry "SUI"]
[SourceTitle "EXT 1999"]
[Source "ChessBase"]
[SourceDate "1998.11.16"]
[SourceVersion "1"]
[SourceVersionDate "1998.11.16"]
[SourceQuality "1"]

1. d4 Nf6 2. Nf3 e6 3. c4 b6 4. g3 Bb7 5. Bg2 Be7 6. Nc3 0-0 7. 0-0 Ne4 8. Qc2 Nxc3 9. bxc3 Nc6 10. e4 Na5 11. Nd2 d6 12. Re1 e5 13. a4 Ba6 14. Bf1 Bf6 15. d5 Qc8 16. Qa2 Bg5 17. Nf3 Bxc1 18. Raxc1 c6 19. Nh4 g6 20. Nf3 cxd5 21. cxd5 Bxf1 22. Rxf1 Qc4 23. Qc2 Nb3 24. Rb1 Nc5 25. Rb4 Qa6 26. Rfb1 Rac8 27. c4 Rc7 28. Nd2 f5 29. exf5 gxf5 30. Nb3 f4 31. Nxc5 Rxc5 32. Rb5 Rc7 33. a5 bxa5 34. Rb8 Rcc8 35. R1b7 1-0